[Event "2ème Open International de Haute-Bretag"]
[Site "Rennes"]
[Date "2009.07.20"]
[Round "7.6"]
[White "Terrieux, Kevin"]
[Black "Mandon, Fabrice"]
[Result "1-0"]
[WhiteElo "2442"]
[BlackElo "2251"]
[PlyCount "96"]
[EventDate "2009.08.21"]
[EventType "swiss"]
[EventRounds "9"]
[EventCountry "FRA"]

1. d4 Nf6 2. c4 e6 3. Nf3 c5 4. Nc3 d5 5. cxd5 Nxd5 6. e4 Nxc3 7. bxc3 cxd4 8.
cxd4 Bb4+ 9. Bd2 Qa5 10. Rb1 Bxd2+ 11. Qxd2 Qxd2+ 12. Kxd2 O-O 13. Be2 b6 14.
Ke3 Bb7 15. Ne5 f6 16. Nc4 Rd8 17. Rhd1 Kf8 18. Bf3 Na6 19. Na5 Rab8 20. Nxb7
Rxb7 21. Be2 Nc7 22. Rdc1 e5 23. dxe5 fxe5 24. Rc6 Ke7 25. Bg4 Rd6 26. Rxd6
Kxd6 27. Rd1+ Kc6 28. f4 exf4+ 29. Kxf4 Na6 30. Be6 Re7 31. Bd5+ Kc7 32. e5 Nc5
33. Bg8 Nd7 34. e6 Nf6 35. Bf7 Kc6 36. g4 b5 37. g5 Nd5+ 38. Ke5 Nb6 39. Rd8
Nc4+ 40. Kd4 Nd6 41. Bg8 h6 42. gxh6 Nf5+ 43. Ke4 Nxh6 44. h3 a5 45. Rf8 b4 46.
Bf7 Kc5 47. Re8 g6 48. Bxg6 Rg7 1-0

[Event "2ème Open International de Haute-Bretag"]
[Site "Rennes"]
[Date "2009.07.20"]
[Round "7.8"]
[White "Pozuelo, Jose"]
[Black "Mladenov, Plamen"]
[Result "1/2-1/2"]
[WhiteElo "2080"]
[BlackElo "2362"]
[PlyCount "122"]
[EventDate "2009.08.21"]
[EventType "swiss"]
[EventRounds "9"]
[EventCountry "FRA"]

1. e4 e6 2. d4 c5 3. c3 d5 4. e5 Nc6 5. Nf3 Qb6 6. Be2 Nge7 7. dxc5 Qxc5 8. Be3
Qa5 9. O-O Ng6 10. Nbd2 Ngxe5 11. Nxe5 Nxe5 12. f4 Bc5 13. Bxc5 Qxc5+ 14. Kh1
Nc6 15. c4 dxc4 16. Bxc4 O-O 17. Rc1 Rd8 18. Qe1 Qb4 19. Ne4 Qxe1 20. Rfxe1 Ne7
21. Bb3 Bd7 22. Rc7 Nf5 23. Nc5 Bc6 24. Nxb7 Rdc8 25. Rxc8+ Rxc8 26. Na5 Ba8
27. Kg1 Nh4 28. Kf2 Kf8 29. Rg1 Ke7 30. Nc4 Bd5 31. Ne3 Bxb3 32. axb3 Rd8 33.
Nc4 Rd3 34. Ra1 Rd7 35. g4 Ng6 36. Ke3 Kd8 37. Ra6 Kc8 38. b4 Ne7 39. b5 Nd5+
40. Kf3 Kb8 41. b6 axb6 42. Nxb6 Nxb6 43. Rxb6+ Kc7 44. Rb4 Rd3+ 45. Kf2 Kc6
46. Rb8 h6 47. h4 Kd5 48. Rb7 f5 49. Rd7+ Ke4 50. Rxd3 Kxd3 51. gxf5 exf5 52.
h5 Kd4 53. b4 Ke4 54. b5 Kd5 55. Ke3 Kc5 56. b6 Kxb6 57. Kd4 Kc6 58. Ke5 Kd7
59. Kxf5 Ke7 60. Kg6 Kf8 61. f5 Kg8 1/2-1/2

[Event "2ème Open International de Haute-Bretag"]
[Site "Rennes"]
[Date "2009.07.20"]
[Round "7.13"]
[White "Le Goff, Damien"]
[Black "Vandomel, Fabrice"]
[Result "1-0"]
[WhiteElo "2270"]
[BlackElo "1895"]
[PlyCount "89"]
[EventDate "2009.08.21"]
[EventType "swiss"]
[EventRounds "9"]
[EventCountry "FRA"]

1. e4 e6 2. d4 d5 3. Nc3 Nf6 4. e5 Ne4 5. Nce2 f6 6. f3 Ng5 7. h4 Nf7 8. f4 Nh6
9. Nf3 f5 10. Be3 Qe7 11. a3 b6 12. c4 Bb7 13. Nc3 c6 14. Rc1 dxc4 15. Bxc4 b5
16. Ba2 Na6 17. Ng5 Nc7 18. Qb3 Bc8 19. Qc2 Bd7 20. Nd1 Ng4 21. Bd2 h6 22. Nf3
h5 23. Bb4 Qd8 24. Ba5 Qc8 25. Ng5 Nd5 26. Qd2 Qa6 27. b4 Be7 28. Rh3 Bd8 29.
Bxd8 Rxd8 30. Nb2 Qb6 31. Rc5 O-O 32. Nd3 Ra8 33. Nc1 a5 34. Bxd5 cxd5 35. Nb3
axb4 36. axb4 Ra3 37. Rhc3 Ra7 38. Na5 g6 39. g3 Re8 40. Qc1 Re7 41. Nf3 Nh6
42. Kd1 Nf7 43. Rc6 Bxc6 44. Rxc6 Rac7 45. Rxb6 1-0

[Event "2ème Open International de Haute-Bretag"]
[Site "Rennes"]
[Date "2009.07.20"]
[Round "7.14"]
[White "Theon, Pierre"]
[Black "Grego, Pierre"]
[Result "1-0"]
[WhiteElo "2121"]
[BlackElo "1870"]
[PlyCount "91"]
[EventDate "2009.08.21"]
[EventType "swiss"]
[EventRounds "9"]
[EventCountry "FRA"]

1. e4 e5 2. d4 exd4 3. Qxd4 Nc6 4. Qe3 Nf6 5. Nc3 Be7 6. Bc4 O-O 7. Bd2 d6 8.
O-O-O Be6 9. Bxe6 fxe6 10. Qh3 Qc8 11. Nf3 e5 12. Ng5 Qxh3 13. Nxh3 h6 14. f3
Rf7 15. Ne2 Kh7 16. Nf2 Rd8 17. Nd3 Rdf8 18. h4 g6 19. b4 Nd8 20. Kb2 Ne6 21.
Be3 a6 22. Kb3 Nh5 23. c4 Nhf4 24. Ndxf4 exf4 25. Bc1 Re8 26. Nd4 Nxd4+ 27.
Rxd4 Bf6 28. Rd5 Be5 29. c5 Rfe7 30. Rhd1 Re6 31. a4 Kg7 32. Ba3 c6 33. R5d2
dxc5 34. bxc5 Kf7 35. Bb2 Bc7 36. Bc3 R6e7 37. Kc4 h5 38. Rb1 Bb8 39. Rdb2 Bc7
40. Rxb7 Ra8 41. Bd2 Ke6 42. R1b6 Bxb6 43. Rxe7+ Kxe7 44. cxb6 Rb8 45. Kc5 Kd7
46. Bxf4 1-0

[Event "2ème Open International de Haute-Bretag"]
[Site "Rennes"]
[Date "2009.07.20"]
[Round "7.15"]
[White "Quellec, Yannick"]
[Black "Allorant, Adrien"]
[Result "1/2-1/2"]
[WhiteElo "1900"]
[BlackElo "2072"]
[PlyCount "89"]
[EventDate "2009.08.21"]
[EventType "swiss"]
[EventRounds "9"]
[EventCountry "FRA"]

1. e4 c5 2. d3 g6 3. f4 Bg7 4. Nf3 Nc6 5. Be2 d6 6. O-O Nf6 7. a4 O-O 8. c3 e5
9. Na3 Ne8 10. f5 gxf5 11. exf5 d5 12. Qe1 Nd6 13. g4 Re8 14. Nb5 e4 15. Nxd6
exf3 16. Nxe8 fxe2 17. Qxe2 Be5 18. d4 cxd4 19. cxd4 Bxd4+ 20. Kh1 Be5 21. f6
Qxe8 22. Qe3 Qe6 23. Qh6 Bxf6 24. Qxf6 Qxf6 25. Rxf6 Bxg4 26. Bh6 Ne5 27. Rg1
Kh8 28. Rg3 Re8 29. h3 Be2 30. Bg7+ Kg8 31. Rd6 Ng6 32. Bf6 Bd1 33. a5 Kf8 34.
Rxd5 Ba4 35. Kg1 Bc6 36. Rd8 Rxd8 37. Bxd8 a6 38. Bf6 Nf4 39. Bg7+ Ke7 40. Kf2
f5 41. Be5 Ne6 42. Ke3 Kf7 43. h4 h5 44. Rg1 Bd5 45. Rc1 1/2-1/2

[Event "2ème Open International de Haute-Bretag"]
[Site "Rennes"]
[Date "2009.07.20"]
[Round "7.16"]
[White "Le Marec, Simon"]
[Black "Purenne, Benoit"]
[Result "1/2-1/2"]
[WhiteElo "2064"]
[BlackElo "1885"]
[PlyCount "105"]
[EventDate "2009.08.21"]
[EventType "swiss"]
[EventRounds "9"]
[EventCountry "FRA"]

1. d4 d5 2. Nf3 Nf6 3. e3 e6 4. c4 Be7 5. Nc3 Nbd7 6. Qb3 dxc4 7. Qxc4 a6 8.
Be2 b5 9. Qd3 Bb7 10. O-O O-O 11. a3 c5 12. Bd1 Rc8 13. Nd2 Ne5 14. Qe2 cxd4
15. exd4 Nc6 16. Nf3 Nxd4 17. Nxd4 Qxd4 18. Be3 Qd7 19. Bb3 Qc6 20. f3 Bc5 21.
Bxc5 Qxc5+ 22. Qf2 Qxf2+ 23. Kxf2 Rfd8 24. Rfd1 Kf8 25. Rac1 Ke7 26. Rxd8 Rxd8
27. Ke3 Rc8 28. Rd1 Rd8 29. Rc1 Rc8 30. Rd1 Nd7 31. Rd4 Nc5 32. Bc2 e5 33. Rd2
Ne6 34. Bf5 g6 35. Bxe6 Kxe6 36. Ne2 h6 37. g3 f6 38. Nc3 Rf8 39. h4 Rg8 40.
Rg2 g5 41. hxg5 fxg5 42. Ne4 Bxe4 43. Kxe4 Rd8 44. Rh2 Rh8 45. g4 Rh7 46. Rc2
Rd7 47. Rc8 Rd4+ 48. Ke3 Rd6 49. Rh8 Kd5 50. Kd3 Rf6 51. Ke3 Rc6 52. Kd3 Rf6
53. Ke3 1/2-1/2

[Event "2ème Open International de Haute-Bretag"]
[Site "Rennes"]
[Date "2009.07.20"]
[Round "7.17"]
[White "Rachid, Danial"]
[Black "Melloul, Claude"]
[Result "0-1"]
[WhiteElo "1910"]
[BlackElo "2019"]
[PlyCount "88"]
[EventDate "2009.08.21"]
[EventType "swiss"]
[EventRounds "9"]
[EventCountry "FRA"]

1. e4 c5 2. Nc3 Nc6 3. Bb5 g6 4. Bxc6 dxc6 5. d3 Bg7 6. Be3 b6 7. Qd2 e5 8.
O-O-O Be6 9. Nge2 Qe7 10. f4 O-O-O 11. fxe5 Bxe5 12. Qe1 Qc7 13. h3 Ne7 14. Rf1
Rhf8 15. d4 cxd4 16. Nxd4 Bc4 17. Rf3 f6 18. Qf2 Rd7 19. g4 Rfd8 20. g5 fxg5
21. Rf8 Bf4 22. Rxd8+ Qxd8 23. Nde2 Rxd1+ 24. Nxd1 Bxe2 25. Qxe2 Qd6 26. h4
Bxe3+ 27. Nxe3 Qf4 28. hxg5 Qxg5 29. Kd2 h5 30. Qc4 Qe5 31. Qf7 Kd7 32. Qc4
Qxb2 33. Qd3+ Kc7 34. Nc4 Qf6 35. Qg3+ Kd7 36. Qd3+ Ke8 37. e5 Qf4+ 38. Kd1
Qg4+ 39. Kc1 Nd5 40. Nd6+ Kd7 41. Qa6 Qf4+ 42. Kb1 Qb4+ 43. Kc1 Qe4 44. Kb2
Qxe5+ 0-1

[Event "2ème Open International de Haute-Bretag"]
[Site "Rennes"]
[Date "2009.07.20"]
[Round "7.18"]
[White "Assedo, Johaquim"]
[Black "Schmouchkovitch, Michel"]
[Result "0-1"]
[WhiteElo "1823"]
[BlackElo "1996"]
[PlyCount "138"]
[EventDate "2009.08.21"]
[EventType "swiss"]
[EventRounds "9"]
[EventCountry "FRA"]

1. e4 e6 2. d4 d5 3. Nc3 Bb4 4. e5 b6 5. Bd3 Ba6 6. Nge2 Qd7 7. O-O f5 8. Nf4
Bxd3 9. cxd3 g6 10. a3 Bf8 11. Bd2 Ne7 12. b4 Nbc6 13. Nce2 a6 14. a4 Bg7 15.
b5 Nd8 16. Qb3 O-O 17. Bb4 Re8 18. Bxe7 Rxe7 19. Nc3 Kh8 20. g3 Nb7 21. Rfc1
Na5 22. Qc2 c6 23. bxc6 Qxc6 24. Na2 Qxc2 25. Rxc2 Nb3 26. Rb1 Nxd4 27. Rcb2
Bxe5 28. Rxb6 Bxf4 29. gxf4 Ne2+ 30. Kf1 Nxf4 31. Nb4 a5 32. Nc6 Rc7 33. f3
Nxd3 34. Ke2 Nc5 35. Kd2 Nxa4 36. Rb8+ Rxb8 37. Rxb8+ Kg7 38. Nxa5 Nc5 39. Ke3
Kf6 40. f4 Ne4 41. Kd4 g5 42. Rf8+ Rf7 43. fxg5+ Nxg5 44. Re8 Nf3+ 45. Kc5 Nd2
46. Nc6 Ne4+ 47. Kd4 Ng5 48. Ne5 Ra7 49. Nc6 Ra4+ 50. Kc5 Ne4+ 51. Kb6 f4 52.
Rf8+ Kg5 53. Rg8+ Kf5 54. Rf8+ Nf6 55. Ne7+ Kg5 56. h4+ Kxh4 57. Rxf6 Re4 58.
Kc5 Kg3 59. Nf5+ exf5 60. Kxd5 Re8 61. Rxf5 f3 62. Rg5+ Kf2 63. Kd4 Ke2 64. Ra5
f2 65. Ra2+ Kf3 66. Ra7 f1=Q 67. Rf7+ Ke2 68. Rxf1 Kxf1 69. Kd5 h5 0-1

[Event "2ème Open International de Haute-Bretag"]
[Site "Rennes"]
[Date "2009.07.20"]
[Round "7.20"]
[White "Graton, Tanguy"]
[Black "Le Gallo, Frederic"]
[Result "1-0"]
[WhiteElo "1870"]
[BlackElo "2041"]
[PlyCount "93"]
[EventDate "2009.08.21"]
[EventType "swiss"]
[EventRounds "9"]
[EventCountry "FRA"]

1. e4 c5 2. Nf3 d6 3. Bb5+ Nc6 4. d4 cxd4 5. Nxd4 Bd7 6. O-O e5 7. Nf5 Bxf5 8.
exf5 Nf6 9. Nc3 a6 10. Ba4 Qd7 11. g4 h6 12. f4 b5 13. Bb3 Qa7+ 14. Kg2 O-O-O
15. a4 b4 16. Nd5 Ne7 17. Nxf6 gxf6 18. Bxf7 Kb8 19. Be6 Nc6 20. c3 Rh7 21. Qf3
Qc7 22. Be3 exf4 23. Bxf4 Ne5 24. Qe4 d5 25. Bxd5 Rg7 26. Kh1 b3 27. Rad1 Bd6
28. h3 h5 29. Qe2 hxg4 30. Qxa6 Qa7 31. Qb5+ Kc7 32. Be3 Qb8 33. Qa5+ Kd7 34.
Ba7 Qc7 35. Bb6 Qb8 36. Be6+ Ke8 37. Bxd8 g3 38. Bd5 Nc4 39. Rfe1+ Kf8 40. Qb5
Qxd8 41. Qxc4 Rh7 42. Bg2 Qb6 43. Qc8+ Kg7 44. Qd7+ Kg8 45. Re8+ Bf8 46. Bd5+
Kh8 47. Rxf8# 1-0

[Event "2ème Open International de Haute-Bretag"]
[Site "Rennes"]
[Date "2009.07.20"]
[Round "7.40"]
[White "Guisset, Philippe"]
[Black "Spoone, John Paul"]
[Result "1-0"]
[WhiteElo "1985"]
[BlackElo "1770"]
[PlyCount "59"]
[EventDate "2009.08.21"]
[EventType "swiss"]
[EventRounds "9"]
[EventCountry "FRA"]

1. c4 Nf6 2. g3 g6 3. Bg2 Bg7 4. Nc3 O-O 5. e4 d6 6. h3 Nbd7 7. Nge2 c6 8. O-O
Ne5 9. d3 h6 10. Be3 Kh7 11. b3 Rg8 12. f4 Ned7 13. Qd2 Qf8 14. g4 Ne8 15. Ng3
a5 16. d4 e6 17. f5 e5 18. d5 g5 19. f6 Ndxf6 20. Nf5 Bh8 21. Rad1 Bd7 22. dxc6
bxc6 23. Nxd6 Rb8 24. Na4 Be6 25. Nf5 Ng7 26. Nxh6 Rd8 27. Nxg8 Rxd2 28. Nxf6+
Kg6 29. Rxd2 Qc8 30. Bb6 1-0

[Event "2ème Open International de Haute-Bretag"]
[Site "Rennes"]
[Date "2009.07.20"]
[Round "7.41"]
[White "Ledent, Philippe"]
[Black "Pecot, Matthias"]
[Result "1/2-1/2"]
[WhiteElo "1857"]
[BlackElo "1930"]
[PlyCount "62"]
[EventDate "2009.08.21"]
[EventType "swiss"]
[EventRounds "9"]
[EventCountry "FRA"]

1. d4 Nf6 2. c4 g6 3. Nc3 Bg7 4. e4 d6 5. Nf3 O-O 6. Be2 Nc6 7. O-O e5 8. d5
Ne7 9. b4 Ne8 10. c5 f5 11. Nd2 fxe4 12. Ndxe4 Nf5 13. a4 Nd4 14. Ba3 Bf5 15.
f3 a6 16. Bc4 Nf6 17. Nxf6+ Qxf6 18. Ne4 Qh4 19. g3 Nxf3+ 20. Qxf3 Qxe4 21.
Qxe4 Bxe4 22. cxd6 Rxf1+ 23. Rxf1 cxd6 24. Re1 Bc2 25. a5 Rc8 26. Bf1 Rc3 27.
Rc1 Rxa3 28. Rxc2 Rb3 29. Rc4 Bh6 30. Rc8+ Bf8 31. Rc4 Bh6 1/2-1/2

[Event "2ème Open International de Haute-Bretag"]
[Site "Rennes"]
[Date "2009.??.??"]
[Round "7.23"]
[White "Le Meur, Jean Pierre"]
[Black "Sanvoisin, Corentin"]
[Result "1/2-1/2"]
[WhiteElo "1942"]
[BlackElo "1855"]
[PlyCount "76"]
[EventDate "2009.08.21"]
[EventType "swiss"]
[EventRounds "9"]
[EventCountry "FRA"]

1. e4 c5 2. Nf3 Nc6 3. d4 cxd4 4. Bc4 e6 5. Nxd4 d6 6. O-O Nf6 7. Nc3 Be7 8.
Be3 a6 9. a4 Qc7 10. Bb3 O-O 11. h3 b6 12. Qe2 Bb7 13. f3 Rfc8 14. Nxe6 fxe6
15. Bxe6+ Kh8 16. Bxc8 Rxc8 17. Qf2 Nd7 18. Nd5 Qd8 19. Nxb6 Bh4 20. g3 Bxg3
21. Qxg3 Nxb6 22. Rfd1 Nc4 23. Bf2 Qf6 24. b3 N4e5 25. f4 Ng6 26. f5 Nge5 27.
c4 Ne7 28. Qf4 Rd8 29. Rd2 N5g6 30. Qe3 Nh4 31. Kh1 Nhxf5 32. Qf4 Ng6 33. Qg4
Ne5 34. Qf4 Ng6 35. Qg4 Re8 36. Re2 Ne5 37. Qf4 Ng6 38. Qg4 Ne5 1/2-1/2

[Event "2ème Open International de Haute-Bretag"]
[Site "Rennes"]
[Date "2009.??.??"]
[Round "7.24"]
[White "Le Bail, Arielle"]
[Black "Ferrandi, Bernard"]
[Result "1-0"]
[WhiteElo "1847"]
[BlackElo "1912"]
[PlyCount "65"]
[EventDate "2009.08.21"]
[EventType "swiss"]
[EventRounds "9"]
[EventCountry "FRA"]

1. d4 f5 2. c4 g6 3. Nf3 Nf6 4. g3 Bg7 5. Bg2 c6 6. O-O O-O 7. b4 d6 8. Bb2 Qc7
9. Nbd2 Kh8 10. Re1 Be6 11. Qc2 Bg8 12. e4 f4 13. e5 Ng4 14. Re2 fxg3 15. hxg3
dxe5 16. Bh3 Nh6 17. Nxe5 Nf5 18. Rae1 e6 19. Ndf3 Nd7 20. Qe4 Nf6 21. Qf4 Nh5
22. Nxg6+ hxg6 23. Qxc7 Nfxg3 24. fxg3 Rxf3 25. Rg2 Rf7 26. Qd6 Bf8 27. Qe5+
Bg7 28. Qg5 Kh7 29. Rxe6 Bf6 30. Qe3 Raf8 31. Rf2 g5 32. Bf5+ Kh8 33. Rh2 1-0

[Event "2ème Open International de Haute-Bretag"]
[Site "Rennes"]
[Date "2009.07.20"]
[Round "7.27"]
[White "Legras, Sebastien"]
[Black "Mercier, Jean Loup"]
[Result "0-1"]
[WhiteElo "1700"]
[BlackElo "1875"]
[PlyCount "126"]
[EventDate "2009.08.21"]
[EventType "swiss"]
[EventRounds "9"]
[EventCountry "FRA"]

1. d4 d5 2. Nf3 Nf6 3. e3 e6 4. Bd3 c5 5. b3 Nc6 6. O-O Bd6 7. Bb2 O-O 8. Nbd2
Qe7 9. Ne5 Nd7 10. f4 f6 11. Bxh7+ Kxh7 12. Qh5+ Kg8 13. Ng6 Qd8 14. Rf3 cxd4
15. Rh3 f5 16. Nh8 Nf6 17. Nf7 Nxh5 18. Nxd8 Rxd8 19. Rxh5 dxe3 20. Nf3 Bxf4
21. g3 Bh6 22. Re1 Bd7 23. Ng5 Bxg5 24. Rxg5 d4 25. h4 Rf8 26. Rxe3 Rf7 27. Rd3
e5 28. h5 Kh7 29. Rd2 Raf8 30. Rh2 f4 31. gxf4 Rxf4 32. Rhg2 R8f7 33. c3 Rf1+
34. Kh2 R1f2 35. Rxg7+ Rxg7 36. Rxf2 dxc3 37. Bxc3 Kh6 38. Re2 Re7 39. Rf2 Kxh5
40. Kg1 Kg4 41. Kf1 Bf5 42. Ke2 Rd7 43. Rg2+ Kf4 44. Rh2 Nd4+ 45. Kf2 Nf3 46.
Rh8 Re7 47. a3 e4 48. Bb2 e3+ 49. Ke2 Ng1+ 50. Ke1 e2 51. Bc1+ Kg3 52. Rg8+ Bg4
53. Rf8 Nf3+ 54. Rxf3+ Kxf3 55. Bd2 Rd7 56. b4 Rxd2 57. Kxd2 Kf2 58. Kc2 e1=Q
59. Kb2 Ke3 60. Kb3 Kd4 61. Ka4 Kc4 62. Ka5 Bd7 63. a4 Qxb4# 0-1

[Event "2ème Open International de Haute-Bretag"]
[Site "Rennes"]
[Date "2009.??.??"]
[Round "7.28"]
[White "Ruhlmann, Helene"]
[Black "Suez Panama, Gilles"]
[Result "0-1"]
[WhiteElo "1720"]
[BlackElo "2122"]
[PlyCount "60"]
[EventDate "2009.08.21"]
[EventType "swiss"]
[EventRounds "9"]
[EventCountry "FRA"]

1. e4 e6 2. d4 d5 3. exd5 exd5 4. Nf3 Bg4 5. Be2 Nc6 6. O-O Qd7 7. Bf4 Nge7 8.
Re1 O-O-O 9. c3 Ng6 10. Bg3 h5 11. Nh4 Nxh4 12. Bxh4 f6 13. h3 Bxe2 14. Rxe2 g5
15. Bg3 h4 16. Bh2 g4 17. hxg4 Qxg4 18. Re1 Qf5 19. Nd2 h3 20. Qf3 Qxf3 21.
Nxf3 hxg2 22. Kxg2 Kd7 23. Re2 Ne7 24. Rae1 Nf5 25. Bf4 Be7 26. Rc2 Rdg8+ 27.
Kf1 Bd6 28. Bxd6 Nxd6 29. Nd2 Rh1+ 30. Ke2 Re8+ 0-1

[Event "2ème Open International de Haute-Bretag"]
[Site "Rennes"]
[Date "2009.07.20"]
[Round "8.6"]
[White "Melloul, Claude"]
[Black "Le Roux, Jean Pierre"]
[Result "0-1"]
[WhiteElo "2019"]
[BlackElo "2485"]
[PlyCount "62"]
[EventDate "2009.08.21"]
[EventType "swiss"]
[EventRounds "9"]
[EventCountry "FRA"]

1. e4 Nf6 2. e5 Nd5 3. d4 d6 4. Nf3 dxe5 5. Nxe5 c6 6. g3 Nd7 7. Bg2 Nxe5 8.
dxe5 Bf5 9. O-O Nb4 10. Na3 Qxd1 11. Rxd1 Nxc2 12. Nxc2 Bxc2 13. Re1 e6 14. Be3
Bg6 15. Rec1 Kd7 16. a4 a5 17. Bb6 Be7 18. Rd1+ Kc8 19. Rac1 Ra6 20. Bd4 Kc7
21. Bf1 Raa8 22. Rc4 Rad8 23. Rdc1 Bb4 24. Be3 Rd7 25. Bg2 Rhd8 26. Rxc6+ bxc6
27. Rxc6+ Kb8 28. Rb6+ Kc8 29. Bc6 Rc7 30. Ra6 Rxc6 31. Rxc6+ Kb7 0-1

[Event "2ème Open International de Haute-Bretag"]
[Site "Rennes"]
[Date "2009.07.20"]
[Round "8.7"]
[White "Mladenov, Plamen"]
[Black "Theon, Pierre"]
[Result "1-0"]
[WhiteElo "2362"]
[BlackElo "2121"]
[PlyCount "49"]
[EventDate "2009.08.21"]
[EventType "swiss"]
[EventRounds "9"]
[EventCountry "FRA"]

1. d4 Nf6 2. Bg5 Ne4 3. Bf4 c5 4. f3 Nf6 5. dxc5 Qa5+ 6. Qd2 Qxc5 7. e4 Nc6 8.
Nc3 d6 9. O-O-O Qa5 10. Bc4 Bd7 11. Bb3 Rc8 12. g4 h6 13. h4 Ne5 14. Bxe5 Qxe5
15. Nge2 e6 16. g5 Nh5 17. f4 Qc5 18. f5 Be7 19. Nd4 Qe5 20. g6 fxg6 21. Nxe6
Ng3 22. Rh3 Rxc3 23. bxc3 Nxe4 24. Qg2 g5 25. Rd5 1-0

[Event "2ème Open International de Haute-Bretag"]
[Site "Rennes"]
[Date "2009.07.20"]
[Round "8.8"]
[White "Geffroy, Leo"]
[Black "Andonov, Bogomil"]
[Result "0-1"]
[WhiteElo "1662"]
[BlackElo "2311"]
[PlyCount "70"]
[EventDate "2009.08.21"]
[EventType "swiss"]
[EventRounds "9"]
[EventCountry "FRA"]

1. e4 c5 2. Nf3 a6 3. d4 cxd4 4. Nxd4 Nf6 5. Nc3 e5 6. Nf5 d5 7. Ng3 Bb4 8.
exd5 Nxd5 9. Bd2 Nxc3 10. bxc3 Ba5 11. Bd3 Qc7 12. Ne2 f5 13. Ng3 O-O 14. O-O
Bxc3 15. Bxc3 Qxc3 16. Bxf5 Bxf5 17. Qd5+ Kh8 18. Nxf5 Qc7 19. Ne3 Nc6 20. Rab1
b5 21. Rfe1 Rad8 22. Qb3 Na5 23. Qb4 Rf4 24. Qb2 Rfd4 25. Rbd1 Nc4 26. Qc1 Nd2
27. Nf1 Ne4 28. Rxd4 Rxd4 29. Rd1 Nc3 30. Re1 h6 31. Qa3 Qc8 32. Rxe5 Rd1 33.
Qb3 Qc4 34. Qxc4 bxc4 35. Ra5 Ne2+ 0-1

[Event "2ème Open International de Haute-Bretag"]
[Site "Rennes"]
[Date "2009.07.20"]
[Round "8.9"]
[White "Foisor, Sabina Francesca"]
[Black "Pozuelo, Jose"]
[Result "1-0"]
[WhiteElo "2304"]
[BlackElo "2080"]
[PlyCount "75"]
[EventDate "2009.08.21"]
[EventType "swiss"]
[EventRounds "9"]
[EventCountry "FRA"]

1. d4 Nf6 2. c4 g6 3. Nc3 Bg7 4. e4 d6 5. f3 O-O 6. Be3 Nc6 7. Nge2 a6 8. Qd2
Rb8 9. Rc1 Bd7 10. Nd1 b5 11. c5 dxc5 12. Rxc5 Ne8 13. g3 Nd6 14. b3 e5 15. d5
Ne7 16. Bg2 f5 17. Nf2 c6 18. dxc6 Bxc6 19. O-O Nb7 20. Rc2 Qxd2 21. Bxd2 Rfc8
22. Bb4 Kf7 23. Rfc1 Nd8 24. Nd3 Be8 25. Bd6 Rxc2 26. Rxc2 Rb7 27. Bxe5 Ne6 28.
Bxg7 fxe4 29. fxe4 Kxg7 30. Kf2 Rd7 31. Ke3 g5 32. Bh3 Rd6 33. Bxe6 Rxe6 34.
Rc5 Kf8 35. Rxg5 Bg6 36. Re5 Rc6 37. Nd4 Rc3 38. Rc5 1-0

[Event "2ème Open International de Haute-Bretag"]
[Site "Rennes"]
[Date "2009.07.20"]
[Round "8.11"]
[White "Milchev, Nikolay"]
[Black "Caillot, Arnaud"]
[Result "1-0"]
[WhiteElo "2351"]
[BlackElo "1698"]
[PlyCount "56"]
[EventDate "2009.08.21"]
[EventType "swiss"]
[EventRounds "9"]
[EventCountry "FRA"]

1. Nf3 d5 2. c4 c6 3. cxd5 cxd5 4. d4 Nf6 5. Nc3 e6 6. Bf4 Bd6 7. Bg3 Nc6 8. e3
Bxg3 9. hxg3 Qa5 10. Bd3 Bd7 11. a3 Ne4 12. Bxe4 dxe4 13. Nd2 f5 14. Qh5+ Kf8
15. O-O a6 16. f3 exf3 17. Rxf3 Be8 18. Qh2 Kg8 19. g4 fxg4 20. Rf4 h5 21. Raf1
Bg6 22. g3 Qg5 23. Nde4 Qe7 24. Qh1 Rd8 25. R4f2 Kh7 26. Rf7 Bxf7 27. Rxf7 Qe8
28. Qxh5+ Kg8 1-0

[Event "2ème Open International de Haute-Bretag"]
[Site "Rennes"]
[Date "2009.07.20"]
[Round "8.12"]
[White "Mandon, Fabrice"]
[Black "Arnaud, Jean Paul"]
[Result "1-0"]
[WhiteElo "2251"]
[BlackElo "1884"]
[PlyCount "51"]
[EventDate "2009.08.21"]
[EventType "swiss"]
[EventRounds "9"]
[EventCountry "FRA"]

1. e4 c5 2. Nf3 d6 3. d4 cxd4 4. Nxd4 Nf6 5. Nc3 a6 6. Bc4 e6 7. Bb3 Qc7 8. Bg5
Be7 9. Qf3 Nbd7 10. O-O-O b5 11. Rhe1 Bb7 12. Bxf6 gxf6 13. Bxe6 Ne5 14. Qh5
O-O 15. Bf5 Ng6 16. Re3 Kg7 17. Rh3 Rh8 18. Qh6+ Kg8 19. Ne6 Bf8 20. Nxc7 Bxh6+
21. Rxh6 Kg7 22. Rh3 Rad8 23. Rhd3 Ne7 24. Rxd6 Rxd6 25. Rxd6 Nxf5 26. exf5 1-0

[Event "2ème Open International de Haute-Bretag"]
[Site "Rennes"]
[Date "2009.07.20"]
[Round "8.13"]
[White "Mercier, Jean Loup"]
[Black "Fomichenko, Svetlana"]
[Result "0-1"]
[WhiteElo "1875"]
[BlackElo "2245"]
[PlyCount "40"]
[EventDate "2009.08.21"]
[EventType "swiss"]
[EventRounds "9"]
[EventCountry "FRA"]

1. b3 e5 2. Bb2 Nc6 3. e3 Nf6 4. Nf3 e4 5. Ne5 Nxe5 6. Bxe5 d6 7. Bb2 Be7 8. c4
O-O 9. d3 Bf5 10. Be2 d5 11. cxd5 Bb4+ 12. Bc3 Nxd5 13. Bxb4 Nxb4 14. d4 Qg5
15. g3 Bh3 16. Qd2 c5 17. dxc5 Qxc5 18. Nc3 Rfd8 19. Qb2 Rac8 20. Bc4 Qxc4 0-1

[Event "2ème Open International de Haute-Bretag"]
[Site "Rennes"]
[Date "2009.07.20"]
[Round "8.14"]
[White "Crouan, Stephane"]
[Black "Graton, Tanguy"]
[Result "1-0"]
[WhiteElo "2234"]
[BlackElo "1870"]
[PlyCount "47"]
[EventDate "2009.08.21"]
[EventType "swiss"]
[EventRounds "9"]
[EventCountry "FRA"]

1. e4 d6 2. d4 Nf6 3. Nc3 g6 4. Bf4 Bg7 5. Qd2 O-O 6. O-O-O c6 7. h4 h5 8. f3
b5 9. Kb1 a5 10. Nh3 a4 11. Nf2 Qb6 12. g4 b4 13. Ne2 Be6 14. Nc1 Nbd7 15. Be3
Bxa2+ 16. Nxa2 b3 17. cxb3 axb3 18. Nc1 Rfb8 19. Bc4 Qa7 20. Bxb3 Qa1+ 21. Kc2
Nc5 22. dxc5 Nd7 23. Nfd3 Nxc5 24. Bxc5 1-0

[Event "2ème Open International de Haute-Bretag"]
[Site "Rennes"]
[Date "2009.07.20"]
[Round "8.17"]
[White "Delpit, Wilfried"]
[Black "Mocquard, Yves"]
[Result "0-1"]
[WhiteElo "1664"]
[BlackElo "2030"]
[PlyCount "46"]
[EventDate "2009.08.21"]
[EventType "swiss"]
[EventRounds "9"]
[EventCountry "FRA"]

1. d4 Nf6 2. c4 c5 3. d5 e6 4. dxe6 fxe6 5. Nf3 Nc6 6. Nc3 d5 7. cxd5 exd5 8.
e3 Be7 9. Be2 O-O 10. O-O Kh8 11. Bd3 Be6 12. Bd2 a6 13. Qb1 b5 14. Rd1 Bd6 15.
Bf5 Bxf5 16. Qxf5 b4 17. Ne2 Ne4 18. Qh5 Qd7 19. Ng3 Bxg3 20. hxg3 Rf5 21. Qh3
Raf8 22. b3 Nxf2 23. Kxf2 Rxf3+ 0-1

[Event "2ème Open International de Haute-Bretag"]
[Site "Rennes"]
[Date "2009.07.20"]
[Round "8.18"]
[White "Aubry, Yannis"]
[Black "Mevel, Mael"]
[Result "1-0"]
[WhiteElo "1954"]
[BlackElo "1800"]
[PlyCount "89"]
[EventDate "2009.08.21"]
[EventType "swiss"]
[EventRounds "9"]
[EventCountry "FRA"]

1. d4 Nf6 2. c4 e6 3. Nc3 Bb4 4. Qc2 O-O 5. Bg5 c5 6. e3 h6 7. Bh4 b6 8. Nf3
Bb7 9. Ne5 d6 10. Ng4 Nbd7 11. f3 cxd4 12. Nxf6+ Nxf6 13. exd4 d5 14. cxd5 exd5
15. Be2 Re8 16. O-O Rc8 17. Bd3 Bd6 18. Qf2 a6 19. Rfe1 g5 20. Bg3 Bb4 21. Bf5
Rc4 22. Rxe8+ Qxe8 23. Ne2 Bd2 24. Be5 Nd7 25. f4 f6 26. Bxd7 Qxd7 27. Bxf6 Qf5
28. fxg5 Qxf2+ 29. Kxf2 hxg5 30. h4 gxh4 31. Bxh4 Rc2 32. b3 Kg7 33. Kf3 Bc8
34. g4 Rc7 35. Bg3 Rf7+ 36. Bf4 Bb4 37. Rc1 Bb7 38. Ke3 Re7+ 39. Be5+ Kg6 40.
Nf4+ Kg5 41. Kf3 Rxe5 42. dxe5 d4+ 43. Kg3 Bd2 44. Ne6+ Kg6 45. Rd1 1-0